European Cities by Letter - F - Statistics

General Stats
  • This quiz has been taken 41 times
    12 since last reset
  • The average score is 5 of 20
Answer Stats
Clue City % Correct
Considered the birthplace of the Renaissance Florence
100%
Once a city state in the Holy Roman Empire Frankfurt
73%
Situated in the heart of the major Baden wine-growing region Freiburg im Breisgau
64%
An earthquake in 1731 destroyed a third of the city Foggia
45%
Situated close to the Germany-Denmark border Flensburg
36%
Lies on the southern shores of the Po river Ferrara
27%
Important Italian agricultural centre Forlì
27%
Served as a forced labour camp during World War II Fulda
27%
Founded in 1567 by King Frederick II of Denmark-Norway Fredrikstad
18%
Experienced massive population increase in the 1980s Fuenlabrada
18%
Historically an important manufacturer of bricks Fareham
9%
Crimean resort town on the Black Sea Feodosia
9%
Major Spanish naval shipbuilding centre for most of its history Ferrol
9%
Lies at the foot of the Curvature Carpathians Focșani
9%
In ancient times, the city was known as 'Suel' Fuengirola
9%
Celebrated their thousand year anniversary in 2007 Fürth
9%
Formerly served as an Ottoman trading centre Ferizaj
0%
Founded in the 19th century by the Vrioni family Fier
0%
Previously a fashionable resort for the aristocracy Folkestone
0%
Lancashire town known for its beaches Formby
0%
No matching quizzes found
Score Distribution
Percent of People with Each Score
Percentile by Number Answered
Your Score History
You have not taken this quiz since the last reset